Changes in family medical care expenditures and voluntary health insurance ; a five-year resurvey /

Bibliographic Details
Main Author: Anderson, Odin W. (Odin Waldemar), 1914-2003
Format: Book
Language:English
Published: Cambridge : Harvard Univ. Pr, 1963.
Subjects:

MARC

Tag First Indicator Second Indicator Subfields
LEADER 00000cam a2200000 4500
001 in00000062930
005 20201128064024.0
008 740305s1963 mau b 00000 eng u
010 |a  63009546  
035 |a (OCoLC)00819925 
035 |9 AAG5869AM 
040 |c WPG  |d OKO  |d OCL  |d TXA  |d UtOrBLW 
049 |a TXAM  |c [366316] 
050 0 |a RA413.5.U5  |b A79 
060 0 0 |a W 275 AA1 H4c 
092 |a 368.382  |b A548c 
100 1 |a Anderson, Odin W.  |q (Odin Waldemar),  |d 1914-2003. 
245 1 0 |a Changes in family medical care expenditures and voluntary health insurance ;  |b a five-year resurvey /  |c [by] Odin W. Anderson, Patricia Collette [and] Jacob J. Feldman. 
264 1 |a Cambridge :  |b Harvard Univ. Pr,  |c 1963. 
300 |a xvi, 217p :  |b illustrations ;  |c 27cm. 
336 |a text  |b txt  |2 rdacontent 
337 |a unmediated  |b n  |2 rdamedia 
338 |a volume  |b nc  |2 rdacarrier 
504 |a Bibliographical footnotes. 
650 0 |a Medical care, Cost of  |z United States. 
650 0 |a Health insurance  |z United States. 
650 2 |a Health Surveys  |z United States. 
650 2 |a Insurance, Health  |z United States. 
999 |a MARS 
999 f f |s d5b774ea-db68-3c43-865e-276bb31a9ec7  |i 1a2efd11-10ea-34e1-bc72-ddf9f37b03e1  |t 0 
952 f f |p ric  |a Texas A&M University  |b Rellis Campus  |c Joint Library Facility  |d Remote Storage  |t 0  |e RA413.5.U5 A79  |h Library of Congress classification  |i unmediated -- volume  |m A14800816505 
998 f f |a RA413.5.U5 A79  |t 0  |l Remote Storage